Estudio estadístico del sistema previsional Argentino en el período 1950-1972 (Registro nro. 24785)
[ vista simple ]
| 000 -LEADER | |
|---|---|
| fixed length control field | 00401 a2200121 4500 |
| 001 - CONTROL NUMBER | |
| control field | ART_10494 |
| 005 - DATE AND TIME OF LATEST TRANSACTION | |
| control field | 20260410161848.0 |
| 008 - FIXED-LENGTH DATA ELEMENTS--GENERAL INFORMATION | |
| fixed length control field | 260409a |
| 100 1# - MAIN ENTRY--PERSONAL NAME | |
| Personal name | Diéguez, Héctor L. |
| 245 10 - TITLE STATEMENT | |
| Title | Estudio estadístico del sistema previsional Argentino en el período 1950-1972 |
| 700 1# - ADDED ENTRY--PERSONAL NAME | |
| Personal name | Petrecolla, Alberto |
| 773 0# - HOST ITEM ENTRY | |
| Title | Económica |
| Related parts | - Año XXIII, Nº3 (sep./dic. 1977) |
| Record control number | REV7541 |
No hay ítems disponibles.